000
00373nam a2200145Ia 4500
008
231129s2000||||xx |||||||||||||| ||spa||
020
_a
968-444-336-6
040
_b
spa
082
_a
382.1 D186n
100
_a
Daniels John D.
245
0
_a
Negocios internacionales
260
_c
2000
264
_a
Prentice Hall
942
_2
ddc
_c
BKS
999
_c
21636
_d
21636